| 000 | 01040nam a2200253Ia 4500 | ||
|---|---|---|---|
| 999 |
_c55178 _d55178 |
||
| 001 | 22253 | ||
| 003 | GE_BSU | ||
| 005 | 20230217105129.0 | ||
| 008 | 181216s ||||ge |||||||||||||| ||geo|| | ||
| 020 | _a9789941239267 | ||
| 040 | _cGE_BSU | ||
| 041 | _ageo | ||
| 080 | _a821.353.1-31 მ-85 | ||
| 100 |
_aმორჩილაძე, აკა _916961 |
||
| 245 |
_aძველი გულებისა და ხმლისა : _bრომანი / _cაკა მორჩილაძე ; რედაქტორი თეა ქიტოშვილი. |
||
| 250 | _aმესამე გამოცემა | ||
| 264 |
_aთბილისი : _bბაკურ სულაკაურის გამ-ბა, _c2017. |
||
| 300 |
_a150 გვ. ; _c 20 სმ. |
||
| 541 | _h6ლ.50თ. | ||
| 653 | _aრომანი | ||
| 653 | _aძველი გულებისა და ხმლისა | ||
| 700 |
_aქიტოშვილი, თეა _eრედაქტორი _916962 |
||
| 942 |
_cBK _2udc |
||